| 000 | 00453nam a2200157Ia 4500 | ||
|---|---|---|---|
| 008 | 230312s9999||||xx |||||||||||||| ||und|| | ||
| 020 | _a0-07-288139-9 | ||
| 082 |
_a158.7 _bDEJ |
||
| 100 | _aDE Janasz Suzanne C | ||
| 245 | 0 | _aInterpersonal Skills In ORGANIZATION | |
| 260 |
_bMcGraw Hill _aBoston _c2006 |
||
| 300 | _a394 | ||
| 546 | _aEng. | ||
| 650 |
_aManagement _vEffectiveness ,understanding and working in teams,individuals and groups |
||
| 942 | _cBK | ||
| 999 |
_c385 _d385 |
||